[Event "GER-ch 93rd"]
[Site "Magdeburg"]
[Date "2022.08.17"]
[Round "5"]
[White "Wachinger, Nikolas"]
[Black "Bethke, Richard"]
[Result "1-0"]
[WhiteElo "2442"]
[BlackElo "2357"]
[EventDate "2022.08.14"]
[PlyCount "107"]

1. e4 c5 2. Nf3 Nc6 3. Bb5 d6 4. O-O Bd7 5. Re1 Nf6 6. c3 a6 7. Bf1 Bg4 8. d4 Bxf3 9. gxf3 g5 10. Kh1 Rg8 11. Be3 e6 12. Nd2 h5 13. b4 cxd4 14. cxd4 d5 15. b5 axb5 16. Bxb5 dxe4 17. fxe4 Bb4 18. Qb3 Kf8 19. Bxc6 Bxd2 20. Bxd2 bxc6 21. Qf3 Ra4 22. a3 Rg6 23. Bb4+ Kg8 24. Rad1 h4 25. Rg1 g4 26. Qe3 Ra8 27. h3 Qc7 28. e5 Nd5 29. Qe4 Nxb4 30. axb4 g3 31. Qxh4 Ra3 32. Rxg3 Rgxg3 33. fxg3 Qb7 34. d5 cxd5 35. Qd8+ Kh7 36. Rd4 Ra1+ 37. Kg2 Ra2+ 38. Kf3 Ra3+ 39. Kg2 Ra2+ 40. Kf3 Ra3+ 41. Kg4 Ra4 42. Kg5 Rxb4 43. Kf6 Qb5 44. Rxb4 Qxb4 45. Kxf7 Qb7+ 46. Kxe6 Qb3 47. Qh4+ Kg8 48. Qg4+ Kh8 49. Kf6 Qb6+ 50. e6 Qf2+ 51. Qf4 Qa7 52. Qh6+ Kg8 53. Qg6+ Kf8 54. Qf7+ 1-0

[Event "GER-ch 93rd"]
[Site "Magdeburg"]
[Date "2022.08.18"]
[Round "6"]
[White "Arnold, Max"]
[Black "Cofman, Veaceslav"]
[Result "1/2-1/2"]
[WhiteElo "2350"]
[BlackElo "2287"]
[EventDate "2022.08.14"]
[PlyCount "113"]

1. e4 e5 2. Nf3 Nf6 3. Nxe5 d6 4. Nf3 Nxe4 5. d4 d5 6. Bd3 Bd6 7. O-O O-O 8. c4 c6 9. Nc3 Bf5 10. Qc2 Re8 11. Re1 Nxc3 12. Rxe8+ Qxe8 13. Bxf5 Ne4 14. Qb3 Qe7 15. cxd5 cxd5 16. Bc8 Na6 17. Qxb7 Nc7 18. Bh3 Qe8 19. Qb3 a5 20. Be3 a4 21. Qc2 a3 22. Nd2 Nf6 23. g3 h6 24. Rb1 axb2 25. Rxb2 Nb5 26. Qd3 Na3 27. Rb6 Qe7 28. Rc6 Bb4 29. Qf5 Nb5 30. Rc8+ Rxc8 31. Qxc8+ Kh7 32. Qc2+ g6 33. Nf3 Ne4 34. Ne5 Bd6 35. Qc6 Nxd4 36. Bxd4 Bxe5 37. Qxd5 Bxd4 38. Qxd4 Ng5 39. Bg4 h5 40. Bd1 Qb7 41. h4 Ne6 42. Qf6 Nc5 43. Kh2 Qd5 44. Qg5 Qd6 45. Qe3 Nd3 46. Qd2 Qa3 47. Bb3 Ne5 48. Qf4 Qe7 49. Bd5 f6 50. Kg2 Qc5 51. Bf3 Kg7 52. Qd2 Qa3 53. Bd1 Qa8+ 54. Kg1 Qa3 55. Kg2 Qa8+ 56. Kg1 Qa3 57. Kg2 1/2-1/2

[Event "GER-ch 93rd"]
[Site "Magdeburg"]
[Date "2022.08.18"]
[Round "6"]
[White "Becker, Stefan"]
[Black "Feidt, Jonas"]
[Result "1-0"]
[WhiteElo "2101"]
[BlackElo "1901"]
[EventDate "2022.08.14"]
[PlyCount "77"]

1. e4 c6 2. Nc3 d5 3. Nf3 dxe4 4. Nxe4 Nf6 5. Qe2 Nxe4 6. Qxe4 Nd7 7. Bc4 Nf6 8. Ne5 e6 9. Qe2 b5 10. Bd3 Bb7 11. O-O Bd6 12. b3 O-O 13. Bb2 Bc5 14. Ng4 Bd4 15. Nxf6+ Bxf6 16. Qe4 g6 17. Bxf6 Qxf6 18. Bxb5 cxb5 19. Qxb7 Qb2 20. Qxb5 Qxc2 21. d4 Rfd8 22. Rfd1 Rac8 23. h3 Qb2 24. Qe5 Rd5 25. Qe3 Rc2 26. Rac1 Qxa2 27. Rxc2 Qxc2 28. Rc1 Qb2 29. Rc4 Kg7 30. Ra4 a5 31. Rc4 Rb5 32. Rc5 Rxb3 33. Qe5+ Kh6 34. Qf4+ Kg7 35. Qe5+ Kh6 36. Qf6 Rb7 37. g4 Qb1+ 38. Kh2 Qe4 39. Rh5# 1-0

[Event "GER-ch 93rd"]
[Site "Magdeburg"]
[Date "2022.08.18"]
[Round "6"]
[White "Bethke, Richard"]
[Black "Feuerstack, Aljoscha"]
[Result "1-0"]
[WhiteElo "2357"]
[BlackElo "2477"]
[EventDate "2022.08.14"]
[PlyCount "81"]

1. e4 e5 2. Bc4 Nf6 3. d3 c6 4. Nf3 d5 5. Bb3 Bb4+ 6. Bd2 Bxd2+ 7. Nbxd2 Nbd7 8. O-O O-O 9. Re1 Qc7 10. d4 exd4 11. exd5 cxd5 12. Nxd4 Nc5 13. Qe2 Bg4 14. Qe5 Qb6 15. h3 Bd7 16. N2f3 a5 17. Ne2 Bc6 18. Nf4 Rad8 19. Rad1 Nce4 20. Qd4 Qc7 21. Nd3 Rfe8 22. Nde5 h6 23. Re3 a4 24. Nxc6 bxc6 25. Bxa4 Ra8 26. b3 Re6 27. Nd2 Qf4 28. Nxe4 Nxe4 29. Rf3 Qh4 30. Bxc6 Rxc6 31. Qxd5 Rac8 32. Qxf7+ Kh8 33. Rf4 Ng5 34. Qxg7+ Kxg7 35. Rd7+ Kg6 36. Rxh4 Rxc2 37. Rd6+ Kf7 38. Rhxh6 Rxa2 39. Rd7+ Ke8 40. Rb7 Rc1+ 41. Kh2 1-0

[Event "GER-ch 93rd"]
[Site "Magdeburg"]
[Date "2022.08.18"]
[Round "6"]
[White "Bracker, Arne"]
[Black "Florstedt, Johannes"]
[Result "1-0"]
[WhiteElo "2295"]
[BlackElo "2359"]
[EventDate "2022.08.14"]
[PlyCount "117"]

1. e4 c5 2. Nf3 d6 3. d4 cxd4 4. Nxd4 Nf6 5. Nc3 a6 6. Be3 e5 7. Nb3 Be6 8. f3 h5 9. Nd5 Bxd5 10. exd5 Nbd7 11. Qd2 g6 12. O-O-O Nb6 13. Kb1 Nbxd5 14. Bg5 Be7 15. Bd3 Qc7 16. Rhe1 Nb6 17. Qf2 O-O-O 18. c4 Kb8 19. Qe2 Rhe8 20. Bd2 Na4 21. Rc1 Rc8 22. Be3 Nc5 23. Bc2 Nfd7 24. Nd2 f5 25. b4 Qb6 26. a3 a5 27. Ba4 axb4 28. Bxd7 bxa3+ 29. Bb5 d5 30. Bxc5 Bxc5 31. Nb3 d4 32. Ka2 Re7 33. Qd3 Bb4 34. Re2 Qf6 35. c5 Rec7 36. Rec2 Qe7 37. c6 Bc3 38. Rb1 e4 39. Qc4 Rxc6 40. Bxc6 Rxc6 41. Qg8+ Kc7 42. Nxd4 Bxd4 43. Rxc6+ Kxc6 44. Qxg6+ Qf6 45. Qe8+ Kc7 46. fxe4 fxe4 47. Rc1+ Kb6 48. Qxe4 Bc5 49. Rb1+ Ka5 50. Qe1+ Ka4 51. Qe8+ Qc6 52. Qa8+ Qa6 53. Qxa6+ bxa6 54. Rb7 Bg1 55. h3 h4 56. Rf7 Bh2 57. g4 hxg3 58. Rg7 Kb5 59. h4 1-0

[Event "GER-ch 93rd"]
[Site "Magdeburg"]
[Date "2022.08.18"]
[Round "6"]
[White "Braun, Georg"]
[Black "Richter, Nils"]
[Result "1/2-1/2"]
[WhiteElo "2398"]
[BlackElo "2328"]
[EventDate "2022.08.14"]
[PlyCount "112"]

1. e4 c6 2. d4 d5 3. e5 c5 4. dxc5 e6 5. Nf3 Bxc5 6. Bd3 f6 7. O-O Nc6 8. Qe2 fxe5 9. Nxe5 Nf6 10. Bf4 Bd6 11. Nd2 O-O 12. Bg3 Qc7 13. Rfe1 Nxe5 14. Bxe5 Bxe5 15. Qxe5 Qxe5 16. Rxe5 Ne8 17. Nf3 Nc7 18. Nd4 Bd7 19. g3 b5 20. a3 a5 21. f4 h6 22. Kf2 Kf7 23. Rae1 Ke7 24. Ke3 Kd6 25. Kd2 b4 26. axb4 axb4 27. h4 Ra2 28. f5 exf5 29. Bxf5 Bxf5 30. Rxf5 Raa8 31. Ref1 Ne6 32. Rxf8 Rxf8 33. Rxf8 Nxf8 34. Nf5+ Ke5 35. Nxg7 Nd7 36. Nh5 Nc5 37. g4 d4 38. Ng3 Kf4 39. g5 Kxg3 40. gxh6 Ne4+ 41. Kd3 Nf6 42. Kxd4 Kxh4 43. Kc5 Kg5 44. Kxb4 Kxh6 45. Kb5 Kg6 46. Kc6 Kf5 47. b4 Ke5 48. b5 Nd5 49. c3 Ke4 50. Kd6 Nb6 51. Kc5 Na4+ 52. Kb4 Nb6 53. Kc5 Na4+ 54. Kc6 Kd3 55. b6 Nxb6 56. Kxb6 Kxc3 1/2-1/2

[Event "GER-ch 93rd"]
[Site "Magdeburg"]
[Date "2022.08.18"]
[Round "6"]
[White "Burian, Simon"]
[Black "Pahl, Erik"]
[Result "1/2-1/2"]
[WhiteElo "2211"]
[BlackElo "2203"]
[EventDate "2022.08.14"]
[PlyCount "141"]

1. e4 e5 2. Nf3 Nc6 3. Bc4 Nf6 4. Ng5 d5 5. exd5 Na5 6. Bb5+ c6 7. dxc6 bxc6 8. Bd3 Nd5 9. h4 h6 10. Nf3 Bd6 11. Be4 O-O 12. d4 exd4 13. Qxd4 c5 14. Qxd5 Bb7 15. Qh5 Bxe4 16. Nc3 Bxc2 17. O-O Re8 18. Be3 Rb8 19. Bxc5 Bg6 20. Qd5 Bxc5 21. Qxc5 Qb6 22. Qxb6 Rxb6 23. b3 Rc6 24. Rfc1 Bh5 25. Nd4 Rd6 26. Ncb5 Rd7 27. Rc5 Bg6 28. Nf3 Nb7 29. Re5 Rxe5 30. Nxe5 Rd5 31. Nxg6 Rxb5 32. Nf4 g5 33. hxg5 hxg5 34. Nd3 Nc5 35. Rd1 Ne4 36. Nc1 Rc5 37. f3 Nf6 38. b4 Rc2 39. a4 Kg7 40. a5 Rc4 41. Nd3 Rd4 42. Kf2 Nd5 43. Ke2 Nxb4 44. Nxb4 Rxb4 45. Rd5 Rb2+ 46. Kf1 Kg6 47. Rd7 Ra2 48. Rxa7 f5 49. a6 g4 50. fxg4 fxg4 51. g3 Kh6 52. Ke1 Ra3 53. Ra8 Kg7 54. a7 Kh7 55. Kd1 Kg7 56. Kc2 Ra2+ 57. Kb3 Ra1 58. Kc4 Kh7 59. Kd5 Kg7 60. Ke6 Ra5 61. Rd8 Rxa7 62. Rd4 Ra6+ 63. Kf5 Ra5+ 64. Kxg4 Rb5 65. Rd6 Ra5 66. Kh4 Ra4+ 67. g4 Ra5 68. Rb6 Rc5 69. g5 Rc1 70. Rb7+ Kg6 71. Rb6+ 1/2-1/2

[Event "GER-ch 93rd"]
[Site "Magdeburg"]
[Date "2022.08.18"]
[Round "6"]
[White "Carlstedt, Jonathan"]
[Black "Colpe, Malte"]
[Result "1-0"]
[WhiteElo "2439"]
[BlackElo "2363"]
[EventDate "2022.08.14"]
[PlyCount "71"]

1. c4 e6 2. Nc3 d5 3. d4 Nf6 4. Nf3 c5 5. cxd5 Nxd5 6. e4 Nxc3 7. bxc3 cxd4 8. cxd4 Bb4+ 9. Bd2 Bxd2+ 10. Qxd2 O-O 11. h4 b6 12. Rd1 Bb7 13. Bd3 Nd7 14. O-O Rc8 15. Rfe1 Re8 16. Bb1 Nf8 17. h5 h6 18. Qf4 Qc7 19. Qg4 Nh7 20. Re3 Nf6 21. Qh4 Rcd8 22. Ree1 Rc8 23. Ne5 Red8 24. Nf3 Qc4 25. Bd3 Qb4 26. a3 Qa4 27. Bb1 Rd7 28. d5 exd5 29. e5 Ne4 30. Qg4 Rcd8 31. e6 fxe6 32. Qxe6+ Kh8 33. Ne5 Rd6 34. Nf7+ Kh7 35. Nxd6 Rxd6 36. Qxd6 1-0

[Event "GER-ch 93rd"]
[Site "Magdeburg"]
[Date "2022.08.18"]
[Round "6"]
[White "Costa, Leonardo"]
[Black "Wachinger, Nikolas"]
[Result "1/2-1/2"]
[WhiteElo "2326"]
[BlackElo "2442"]
[EventDate "2022.08.14"]
[PlyCount "82"]

1. e4 e6 2. d4 d5 3. e5 c5 4. c3 Nc6 5. Nf3 Qb6 6. a3 Nh6 7. b4 cxd4 8. b5 Na5 9. Bxh6 gxh6 10. cxd4 Bd7 11. Nbd2 Rg8 12. g3 Rg4 13. Bh3 Rxd4 14. Nxd4 Qxd4 15. Nf3 Qe4+ 16. Qe2 Qxe2+ 17. Kxe2 Bxb5+ 18. Ke1 Nc4 19. Bf1 Bxa3 20. Rb1 Ba6 21. Bd3 Bb2 22. Ke2 b5 23. Bxh7 b4 24. Bd3 Bc3 25. Rhc1 Bc8 26. Rb3 a5 27. Bxc4 dxc4 28. Rbxc3 bxc3 29. Rxc3 a4 30. Ra3 Bd7 31. Nd2 Ke7 32. Ke3 Ra5 33. Nxc4 Rc5 34. Kd4 Rd5+ 35. Kc3 Bb5 36. f4 Bxc4 37. Kxc4 Rd2 38. Rxa4 Rxh2 39. Ra7+ Kf8 40. Kd4 Rg2 41. Ra3 Kg7 1/2-1/2

[Event "GER-ch 93rd"]
[Site "Magdeburg"]
[Date "2022.08.18"]
[Round "6"]
[White "Dobrikov, Marco"]
[Black "Miller, Eduard"]
[Result "1/2-1/2"]
[WhiteElo "2223"]
[BlackElo "2353"]
[EventDate "2022.08.14"]
[PlyCount "133"]

1. e4 c6 2. Nc3 d5 3. Nf3 dxe4 4. Nxe4 Nf6 5. Qe2 Na6 6. Nxf6+ gxf6 7. d4 h5 8. Qe4 Be6 9. c3 Bd5 10. Qc2 Bxf3 11. gxf3 Nc7 12. Be3 Qd5 13. Qb3 O-O-O 14. Qxd5 Nxd5 15. Bc4 e6 16. Bxd5 Rxd5 17. Rg1 Bd6 18. h3 Kd7 19. Ke2 Ke7 20. Rg7 Ra5 21. a3 Rb5 22. b4 a5 23. c4 Rf5 24. c5 Bc7 25. b5 cxb5 26. Rb1 b6 27. Rxb5 Rb8 28. a4 Rd5 29. Rh7 Rg8 30. Rb1 Rb8 31. Rb5 Rf8 32. Kd3 bxc5 33. Rxc5 Rxc5 34. dxc5 Rd8+ 35. Kc3 Be5+ 36. Kc4 Rb8 37. Bd2 Bc7 38. Bc3 Rb1 39. Rxh5 Rf1 40. Bd4 Rb1 41. Kd3 Rb3+ 42. Ke2 Rb4 43. Be3 Rxa4 44. Rh8 Be5 45. Ra8 Kd7 46. Ra7+ Bc7 47. f4 e5 48. h4 exf4 49. Bd2 f3+ 50. Kxf3 Kc6 51. h5 Rh4 52. h6 f5 53. Be3 Rh3+ 54. Kg2 Rh2+ 55. Kg1 Rh4 56. f3 Bf4 57. Ra6+ Kd5 58. Bxf4 Rxf4 59. Rf6 Kxc5 60. h7 Rh4 61. Rxf5+ Kd6 62. Rxf7 Ke6 63. Ra7 Kf6 64. Kg2 Kg6 65. f4 Rxh7 66. f5+ Kh6 67. Rxa5 1/2-1/2

[Event "GER-ch 93rd"]
[Site "Magdeburg"]
[Date "2022.08.18"]
[Round "6"]
[White "Farokhi, Keyvan"]
[Black "Stricker, Florian"]
[Result "0-1"]
[WhiteElo "2313"]
[BlackElo "2182"]
[EventDate "2022.08.14"]
[PlyCount "58"]

1. e4 d6 2. d4 Nf6 3. Nc3 g6 4. g3 Bg7 5. Bg2 O-O 6. Nge2 e5 7. O-O exd4 8. Nxd4 Nc6 9. Nxc6 bxc6 10. Be3 Ng4 11. Bd4 Ne5 12. f4 c5 13. Bxe5 dxe5 14. Qxd8 Rxd8 15. f5 Rd4 16. Nb5 Ba6 17. Nxd4 Bxf1 18. Nc6 Bb5 19. Ne7+ Kf8 20. Nd5 c6 21. Ne3 h5 22. Rd1 Ke7 23. fxg6 fxg6 24. Bh3 Rd8 25. Rxd8 Kxd8 26. Bf1 Bh6 27. Nd1 c4 28. Kf2 Kc7 29. Ne3 Bxe3+ 0-1

[Event "GER-ch 93rd"]
[Site "Magdeburg"]
[Date "2022.08.18"]
[Round "6"]
[White "Keller, Peter1"]
[Black "Colbow, Collin"]
[Result "1/2-1/2"]
[WhiteElo "2377"]
[BlackElo "2323"]
[EventDate "2022.08.14"]
[PlyCount "125"]

1. e4 c5 2. Nf3 e6 3. d4 cxd4 4. Nxd4 Nc6 5. Nc3 Qc7 6. Be3 a6 7. Qd2 Nf6 8. f4 Bb4 9. Bd3 Na5 10. a3 Bxc3 11. Qxc3 Qxc3+ 12. bxc3 d5 13. exd5 exd5 14. Nb3 Nxb3 15. cxb3 O-O 16. O-O-O Re8 17. Rde1 Ne4 18. Bd4 f5 19. Rhg1 Bd7 20. Kb2 Rac8 21. Be2 Rc6 22. Bf3 Be6 23. h3 Rf8 24. Bd1 g6 25. g3 b5 26. Rg2 h5 27. Re3 Rf7 28. Be5 Kf8 29. b4 Rd7 30. a4 Bf7 31. g4 hxg4 32. hxg4 Nd6 33. Be2 fxg4 34. Rxg4 Nc4+ 35. Bxc4 dxc4 36. Bd4 Rd5 37. Rh4 Re6 38. Rh8+ Ke7 39. Rxe6+ Kxe6 40. Ra8 Rd6 41. Bc5 Rc6 42. axb5 axb5 43. Rb8 Kf5 44. Be3 Ke4 45. Bc1 Bd5 46. Rxb5 Re6 47. Rc5 Rc6 48. Rb5 Re6 49. Rb8 Re7 50. Rd8 Re6 51. Kc2 Ra6 52. Re8+ Re6 53. Rh8 Ra6 54. Kb2 Kf5 55. Rh2 Be4 56. Rd2 Bd3 57. Rg2 Ke6 58. Be3 Kd5 59. Bc1 Re6 60. Rg5+ Bf5 61. Rg2 Bd3 62. Rg5+ Bf5 63. Rg2 1/2-1/2

[Event "GER-ch 93rd"]
[Site "Magdeburg"]
[Date "2022.08.18"]
[Round "6"]
[White "Koehler, Christian Friedrich"]
[Black "Eichstaedt, Mirko"]
[Result "0-1"]
[WhiteElo "2285"]
[BlackElo "2223"]
[EventDate "2022.08.14"]
[PlyCount "94"]

1. d4 d5 2. c4 c6 3. Nf3 Nf6 4. Nc3 e6 5. e3 Nbd7 6. Be2 Bd6 7. O-O O-O 8. Qc2 dxc4 9. Bxc4 b5 10. Be2 Bb7 11. Rd1 Qc7 12. e4 e5 13. h3 Rfe8 14. a3 a5 15. dxe5 Nxe5 16. Bg5 b4 17. axb4 axb4 18. Rxa8 Bxa8 19. Bxf6 gxf6 20. Na4 Nxf3+ 21. Bxf3 c5 22. b3 Qe7 23. Nb6 Be5 24. Rd7 Qe6 25. Qc4 Bc6 26. Ra7 Bb8 27. Qxe6 Rxe6 28. Ra1 Bxe4 29. Bxe4 Rxe4 30. f3 Re8 31. Ra8 c4 32. bxc4 b3 33. Ra1 Be5 34. Rb1 Bd4+ 35. Kf1 Bxb6 36. Rxb3 Bd4 37. Rd3 Bc5 38. Rd5 Re5 39. Rd8+ Bf8 40. Kf2 h5 41. Kg3 Kg7 42. Kh4 Bc5 43. Rd2 Bb4 44. f4 Re4 45. Rb2 Rxf4+ 46. Kxh5 Rxc4 47. g4 Rc5+ 0-1

[Event "GER-ch 93rd"]
[Site "Magdeburg"]
[Date "2022.08.18"]
[Round "6"]
[White "Krassowizkij, Jaroslaw"]
[Black "Vogel, Roven"]
[Result "1/2-1/2"]
[WhiteElo "2429"]
[BlackElo "2459"]
[EventDate "2022.08.14"]
[PlyCount "114"]

1. e4 c5 2. Nf3 d6 3. Bb5+ Bd7 4. Bxd7+ Nxd7 5. O-O Ngf6 6. Qe2 e6 7. d4 cxd4 8. Nxd4 Be7 9. c4 a6 10. Nc3 Qa5 11. Bd2 Rc8 12. b3 Qh5 13. Qxh5 Nxh5 14. g4 Nhf6 15. g5 Nh5 16. f4 h6 17. g6 Bf6 18. gxf7+ Kxf7 19. Nf3 Ke7 20. Rad1 Bxc3 21. Bxc3 Nxf4 22. Bb4 Nc5 23. e5 Rhd8 24. exd6+ Rxd6 25. Rxd6 Kxd6 26. Rd1+ Ke7 27. Ne5 Kf6 28. Bxc5 Kxe5 29. Bd6+ Kf5 30. Bxf4 Kxf4 31. Rd7 b5 32. cxb5 Rc1+ 33. Kg2 Rc2+ 34. Kg1 axb5 35. a4 bxa4 36. bxa4 e5 37. Rf7+ Ke3 38. Rxg7 e4 39. a5 Ra2 40. Ra7 Ke2 41. a6 e3 42. Ra8 Ra5 43. Kg2 Ke1 44. a7 e2 45. h4 h5 46. Kh2 Ra4 47. Kh3 Ra6 48. Kh2 Ra3 49. Kg2 Ra4 50. Kh3 Kf1 51. Rf8+ Kg1 52. a8=Q Rxa8 53. Rxa8 e1=Q 54. Rg8+ Kf2 55. Rf8+ Kg1 56. Rg8+ Kh1 57. Rg1+ Kxg1 1/2-1/2

[Event "GER-ch 93rd"]
[Site "Magdeburg"]
[Date "2022.08.18"]
[Round "6"]
[White "Krastev, Alexander"]
[Black "Parvanyan, Ashot"]
[Result "0-1"]
[WhiteElo "2428"]
[BlackElo "2424"]
[EventDate "2022.08.14"]
[PlyCount "88"]

1. e4 Nc6 2. Nc3 Nf6 3. Nf3 d6 4. h3 g6 5. d4 Bg7 6. Bg5 a6 7. Qe2 h6 8. Bxf6 Bxf6 9. e5 Bg7 10. O-O-O d5 11. Kb1 Na5 12. g4 e6 13. Nd2 Bd7 14. Qe3 c5 15. dxc5 Qc7 16. f4 Bf8 17. b4 Nc6 18. a3 d4 19. Qd3 dxc3 20. Nc4 Be7 21. h4 Na7 22. h5 gxh5 23. Rxh5 Bb5 24. Qxc3 Bxc4 25. Bxc4 Rd8 26. Rdh1 Nb5 27. Bxb5+ axb5 28. Rxh6 Rxh6 29. Rxh6 Qc6 30. Rh8+ Bf8 31. Qe3 Qg2 32. g5 Qf1+ 33. Kb2 Rd1 34. Qe4 Rb1+ 35. Kc3 Ra1 36. g6 Rxa3+ 37. Kd2 Qf2+ 38. Kc1 Qg1+ 39. Kd2 fxg6 40. Rh7 Qf2+ 41. Kc1 Qg1+ 42. Kd2 Ra1 43. Kc3 Re1 44. Qd4 Re3+ 0-1

[Event "GER-ch 93rd"]
[Site "Magdeburg"]
[Date "2022.08.18"]
[Round "6"]
[White "Langheinrich, Ferenc"]
[Black "Gungl, Theo"]
[Result "1/2-1/2"]
[WhiteElo "2357"]
[BlackElo "2366"]
[EventDate "2022.08.14"]
[PlyCount "80"]

1. c4 c6 2. Qa4 Nf6 3. Nf3 e6 4. d4 d5 5. g3 Nbd7 6. Nbd2 dxc4 7. Qxc4 c5 8. dxc5 Bxc5 9. Nb3 Be7 10. Bg2 Nb6 11. Qd4 O-O 12. O-O Nbd5 13. a3 Bd7 14. e4 Nb6 15. e5 Nfd5 16. Qg4 Kh8 17. Qh5 Qe8 18. Qg4 Bb5 19. Re1 Rc8 20. Nbd4 Bd3 21. h4 Rc4 22. b3 Bf5 23. Qxf5 exf5 24. bxc4 Nxc4 25. Nxf5 Bc5 26. h5 Qe6 27. N3d4 Qb6 28. Bxd5 Bxd4 29. Ra2 Qc5 30. Bxb7 Bxe5 31. Rc2 Qb5 32. Bg2 Bf6 33. h6 Qxf5 34. hxg7+ Kxg7 35. Rxc4 Rc8 36. Rf4 Qa5 37. Rg4+ Kh8 38. Rge4 Kg7 39. Rg4+ Kh8 40. Rge4 Kg7 1/2-1/2

[Event "GER-ch 93rd"]
[Site "Magdeburg"]
[Date "2022.08.18"]
[Round "6"]
[White "Malek, Daniel"]
[Black "Tschernatsch, Johannes"]
[Result "1-0"]
[WhiteElo "2365"]
[BlackElo "2314"]
[EventDate "2022.08.14"]
[PlyCount "67"]

1. Nf3 Nf6 2. c4 e6 3. d4 d5 4. Nc3 Be7 5. Bf4 O-O 6. e3 c5 7. dxc5 Bxc5 8. Qc2 Nc6 9. Rd1 Qa5 10. a3 Be7 11. Be2 dxc4 12. Bxc4 e5 13. Bg3 Bg4 14. O-O Rac8 15. Nd5 b5 16. Ba2 Nxd5 17. Bxd5 Nd4 18. Qb1 Nxf3+ 19. Bxf3 Bxf3 20. gxf3 b4 21. axb4 Bxb4 22. Qe4 Rfe8 23. Rd7 g6 24. Rfd1 Bf8 25. Kg2 Bg7 26. Rb7 Red8 27. Rxd8+ Rxd8 28. Qc4 Qd5 29. Qxd5 Rxd5 30. Rb8+ Bf8 31. e4 Rc5 32. b4 Rc4 33. Bxe5 Rxb4 34. Rxf8+ 1-0

[Event "GER-ch 93rd"]
[Site "Magdeburg"]
[Date "2022.08.18"]
[Round "6"]
[White "Pajeken, Jakob Leon"]
[Black "Hourigan, Gerrit"]
[Result "1-0"]
[WhiteElo "2457"]
[BlackElo "2306"]
[EventDate "2022.08.14"]
[PlyCount "79"]

1. e4 c5 2. Nf3 d6 3. d4 cxd4 4. Nxd4 Nf6 5. Nc3 a6 6. Be2 e5 7. Nb3 Be7 8. Be3 Be6 9. O-O O-O 10. Bf3 Nbd7 11. a4 Rc8 12. a5 b5 13. axb6 Nxb6 14. Na5 Qc7 15. Be2 Ra8 16. Qd3 Rfc8 17. Rfd1 h6 18. Bxb6 Qxb6 19. Nd5 Bxd5 20. exd5 e4 21. Qd2 Nd7 22. Bg4 Rc7 23. Bxd7 Rxd7 24. Nc4 Qc5 25. b3 Bf6 26. Ra5 Qc7 27. Qf4 Re8 28. Rxa6 e3 29. fxe3 Qc5 30. Rc6 Qa7 31. Rxd6 Rde7 32. Rxf6 gxf6 33. Qxf6 Qd7 34. Nd6 Rxe3 35. Nf5 Re1+ 36. Rxe1 Rxe1+ 37. Kf2 Qa7+ 38. Kxe1 Qg1+ 39. Kd2 Qxg2+ 40. Kc1 1-0

[Event "GER-ch 93rd"]
[Site "Magdeburg"]
[Date "2022.08.18"]
[Round "6"]
[White "Parvanyan, Alfred"]
[Black "Kunin, Vitaly L"]
[Result "1/2-1/2"]
[WhiteElo "2151"]
[BlackElo "2521"]
[EventDate "2022.08.14"]
[PlyCount "82"]

1. Nf3 d5 2. g3 c6 3. Bg2 Bg4 4. d4 Nd7 5. O-O e6 6. Nbd2 Ngf6 7. Re1 Be7 8. e4 h6 9. c3 O-O 10. Qb3 Rb8 11. exd5 cxd5 12. Nf1 Bxf3 13. Bxf3 Bd6 14. Ne3 b5 15. a4 a6 16. axb5 axb5 17. Ra6 Ne8 18. Bd2 Nb6 19. Rea1 f5 20. Ng2 Nc4 21. Qc2 Nc7 22. Ra7 b4 23. Bf4 bxc3 24. bxc3 Rb2 25. Qa4 Nb5 26. Bxd6 Ncxd6 27. Nf4 Nxa7 28. Nxe6 Qe8 29. Qxe8 Rxe8 30. Rxa7 Ne4 31. Nxg7 Rf8 32. Ne6 Rc8 33. Nc7 Nxf2 34. Bxd5+ Kh8 35. c4 Ng4 36. Be6 Rf8 37. Nd5 Rb1+ 38. Kg2 Rb2+ 39. Kg1 Rb1+ 40. Kg2 Rb2+ 41. Kg1 Rb1+ 1/2-1/2

[Event "GER-ch 93rd"]
[Site "Magdeburg"]
[Date "2022.08.18"]
[Round "6"]
[White "Poetsch, Hagen"]
[Black "Dahl, Christoph"]
[Result "1-0"]
[WhiteElo "2500"]
[BlackElo "2348"]
[EventDate "2022.08.14"]
[PlyCount "85"]

1. e4 c5 2. Nf3 d6 3. d4 cxd4 4. Nxd4 Nf6 5. Nc3 a6 6. Be3 e6 7. Be2 Qc7 8. Qd2 b5 9. f3 b4 10. Na4 d5 11. e5 Nfd7 12. f4 Nc6 13. O-O Bb7 14. Nb3 Be7 15. c4 bxc3 16. Qxc3 O-O 17. Rac1 Rfc8 18. Qe1 Qd8 19. Qf2 Na5 20. Rxc8 Rxc8 21. Nb6 Nxb3 22. Nxc8 Qxc8 23. axb3 Bc6 24. Ra1 Nb8 25. Bd3 Qb7 26. Qc2 g6 27. Bc5 Bxc5+ 28. Qxc5 Qxb3 29. Bc2 Qb7 30. Qd4 Bb5 31. Ra3 Bc4 32. Ba4 Nc6 33. Bxc6 Qxc6 34. h3 Qb5 35. Kh2 h5 36. g4 hxg4 37. hxg4 Qb4 38. Re3 Qa4 39. Rc3 a5 40. f5 Qa1 41. b3 Qa2+ 42. Kg3 Bf1 43. Qf2 1-0

[Event "GER-ch 93rd"]
[Site "Magdeburg"]
[Date "2022.08.18"]
[Round "6"]
[White "Schulz, Lukas"]
[Black "Roseneck, Jonas"]
[Result "0-1"]
[WhiteElo "2271"]
[BlackElo "2384"]
[EventDate "2022.08.14"]
[PlyCount "64"]

1. e4 e5 2. f4 exf4 3. Nf3 Nf6 4. e5 Nh5 5. Qe2 Be7 6. d4 O-O 7. Nc3 d6 8. Bd2 Bg4 9. O-O-O Nd7 10. Ne4 g6 11. Nf2 Be6 12. Nd3 dxe5 13. dxe5 c6 14. g3 fxg3 15. Qg2 Nb6 16. hxg3 Qd5 17. b3 Bg4 18. Be2 a5 19. Bc3 a4 20. Nf2 Qc5 21. Bb2 axb3 22. axb3 Qe3+ 23. Kb1 Qxe2 24. Nd4 Qa6 25. Nxg4 Qa2+ 26. Kc1 Ba3 27. Bxa3 Qa1+ 28. Kd2 Qxd4+ 29. Ke1 Qxg4 30. Bxf8 Rxf8 31. Rh4 Qg5 32. Re4 Nxg3 0-1

[Event "GER-ch 93rd"]
[Site "Magdeburg"]
[Date "2022.08.18"]
[Round "6"]
[White "Westphal, Wolfgang"]
[Black "Becker, Michael"]
[Result "1-0"]
[WhiteElo "2175"]
[BlackElo "2282"]
[EventDate "2022.08.14"]
[PlyCount "131"]

1. Nf3 c5 2. e4 d6 3. Bb5+ Bd7 4. Bxd7+ Qxd7 5. O-O Nf6 6. e5 dxe5 7. Nxe5 Qc7 8. d4 cxd4 9. Bf4 Nc6 10. Re1 Qb6 11. Nc4 Qc5 12. Nd6+ Kd7 13. Nxf7 Rg8 14. c3 Qf5 15. Ne5+ Ke8 16. Nxc6 bxc6 17. Qxd4 Nd5 18. Bg3 g6 19. Nd2 Bg7 20. Qc5 Qd7 21. c4 Nb6 22. Bh4 Nc8 23. Nf3 Rf8 24. Rad1 Rf5 25. Qa3 Qb7 26. Re2 a5 27. Qd3 Kf7 28. Rde1 Kg8 29. Bxe7 Nxe7 30. Rxe7 Qxb2 31. Qd7 c5 32. Re8+ Rxe8 33. Rxe8+ Bf8 34. Qe6+ Kg7 35. h4 Qxa2 36. Qe1 Qxc4 37. Qa1+ Kh6 38. Qxa5 Qc1+ 39. Re1 Qf4 40. Qa7 c4 41. Ng5 Qxh4 42. Nf7+ Kh5 43. Ne5 Kh6 44. g3 Qh3 45. Re4 Qh5 46. Nf7+ Kg7 47. Nd6+ Kg8 48. Nxf5 Qxf5 49. Rxc4 Qd5 50. Qd4 Qxd4 51. Rxd4 Kf7 52. Rd7+ Be7 53. Kg2 h6 54. Kf3 Ke6 55. Ra7 Bc5 56. Ra6+ Kf7 57. g4 Be7 58. Ke4 h5 59. gxh5 gxh5 60. Rh6 Ba3 61. Rxh5 Bb2 62. Kf5 Bd4 63. f3 Bc3 64. Rh7+ Kf8 65. Kg6 Bd4 66. f4 1-0

[Event "GER-ch 93rd"]
[Site "Magdeburg"]
[Date "2022.08.18"]
[Round "6"]
[White "Yi, Danny"]
[Black "Boder, Jan"]
[Result "0-1"]
[WhiteElo "2273"]
[BlackElo "2315"]
[EventDate "2022.08.14"]
[PlyCount "68"]

1. e4 c5 2. Nf3 a6 3. c3 Nf6 4. d3 Nc6 5. Be2 g6 6. O-O Bg7 7. h3 O-O 8. Be3 c4 9. Nbd2 cxd3 10. Bxd3 d5 11. Re1 b5 12. a3 Qc7 13. Qe2 dxe4 14. Nxe4 Nd5 15. Rad1 Nxe3 16. Qxe3 e5 17. Bb1 f5 18. Ba2+ Kh8 19. Nd6 e4 20. Ng5 Ne5 21. Ndf7+ Nxf7 22. Nxf7+ Rxf7 23. Bxf7 Qxf7 24. Rd8+ Bf8 25. Qd4+ Kg8 26. Rd1 f4 27. Qb6 a5 28. Qd4 f3 29. Qe5 fxg2 30. R1d6 Bb7 31. R8d7 Bxd6 32. Qxd6 Qc4 33. Kxg2 e3+ 34. Rxb7 Qe4+ 0-1

[Event "GER-ch 93rd"]
[Site "Magdeburg"]
[Date "2022.08.18"]
[Round "7"]
[White "Becker, Michael"]
[Black "Farokhi, Keyvan"]
[Result "0-1"]
[WhiteElo "2282"]
[BlackElo "2313"]
[EventDate "2022.08.14"]
[PlyCount "84"]

1. e4 c5 2. Nf3 d6 3. d4 cxd4 4. Nxd4 Nf6 5. Nc3 a6 6. g3 e5 7. Nf3 Be7 8. Bg2 O-O 9. O-O Be6 10. Nh4 g6 11. Bh6 Re8 12. h3 Nbd7 13. Qd2 Kh8 14. Nf3 Qc7 15. Rfe1 Rac8 16. Ng5 Nb6 17. Nxe6 fxe6 18. Bf1 d5 19. Bd3 Bb4 20. Qg5 Ng8 21. Rf1 Be7 22. Qc1 Nxh6 23. Qxh6 Qd8 24. h4 Bf8 25. Qg5 Qxg5 26. hxg5 Bb4 27. Nd1 Nc4 28. Bxc4 Rxc4 29. exd5 Rxc2 30. dxe6 Rxe6 31. Ne3 Rxb2 32. Rac1 Rc6 33. Ng4 Rxa2 34. Rxc6 bxc6 35. Nxe5 c5 36. Rd1 Rd2 37. Re1 Rd5 38. Nf7+ Kg7 39. Re7 c4 40. Rb7 c3 41. Nd8+ Kg8 42. Ne6 c2 0-1